[Event "EWIRCC 2019"]
[Site "Monte-Carlo"]
[Date "2019.12.01"]
[Round "7.15"]
[White "Johansson, Viktoria"]
[Black "Paehtz, Elisabeth"]
[Result "0-1"]
[WhiteElo "2120"]
[BlackElo "2484"]
[Annotator "ChessBase"]
[PlyCount "118"]
[EventDate "2019.11.28"]
[EventType "swiss"]
[EventCountry "MNC"]
[SourceTitle "playchess.com"]
[Source "ChessBase"]
[SourceQuality "1"]
[TimeControl "5400+30"]

1. d4 {[%emt 1:15:12]} d5 {[%emt 1:15:11]} 2. c4 {[%emt 0:00:23]} c6 {[%emt 0:00:21]} 3. Nf3 {[%emt 0:00:23]} Nf6 {[%emt 0:00:21]} 4. Nc3 {[%emt 0:00:25]} a6 {[%emt 0:00:21]} 5. Bf4 {[%emt 0:00:53]} dxc4 {[%emt 0:00:23]} 6. a4 {[%emt 0:01:23]} Nd5 {[%emt 0:00:23]} 7. Bg3 {[%emt 0:02:03]} Qa5 {[%emt 0:01:20]} 8. Qc1 {[%emt 0:01:00]} Nf6 {[%emt 0:02:09]} 9. e3 {[%emt 0:01:11]} Qb4 {[%emt 0:03:51]} 10. a5 {[%emt 0:00:50]} e6 {[%emt 0:00:24]} 11. Ra4 {[%emt 0:00:36]} Qe7 {[%emt 0:00:21]} 12. Bxc4 {[%emt 0:00:59]} Nbd7 {[%emt 0:00:22]} 13. Bd3 {[%emt 0:01:45]} c5 {[%emt 0:00:42]} 14. O-O {[%emt 0:00:38]} Qd8 {[%emt 0:00:31]} 15. Ra1 {[%emt 0:01:27]} Be7 {[%emt 0:00:25]} 16. Rd1 {[%emt 0:00:45]} O-O {[%emt 0:00:30]} 17. dxc5 {[%emt 0:00:52]} Bxc5 {[%emt 0:00:56]} 18. Ne4 {[%emt 0:00:56]} Nxe4 {[%emt 0:00:31]} 19. Bxe4 {[%emt 0:00:22]} Qe7 {[%emt 0:00:28]} 20. Bh4 {[%emt 0:01:01]} f6 {[%emt 0:00:40]} 21. Nd4 {[%emt 0:01:01]} Ne5 {[%emt 0:02:25]} 22. Qc2 {[%emt 0:00:59]} h6 {[%emt 0:00:50]} 23. Bg3 {[%emt 0:01:43]} Nf7 {[%emt 0:00:21]} 24. Qe2 {[%emt 0:02:05]} Nd6 {[%emt 0:01:39]} 25. Bxd6 {[%emt 0:01:02]} Bxd6 {[%emt 0:00:22]} 26. Qh5 {[%emt 0:00:32]} f5 {[%emt 0:00:42]} 27. Bd3 {[%emt 0:00:48]} Be5 {[%emt 0:02:07]} 28. Bc4 {[%emt 0:01:04]} Kh8 {[%emt 0:00:27]} 29. Rac1 {[%emt 0:00:28]} Bf6 {[%emt 0:00:34]} 30. b3 {[%emt 0:00:29]} Bd7 {[%emt 0:00:37]} 31. Rc2 {[%emt 0:00:41]} Rae8 {[%emt 0:01:39]} 32. Rcd2 {[%emt 0:00:22]} Bc8 {[%emt 0:00:26]} 33. Ne2 {[%emt 0:00:48]} Be5 {[%emt 0:01:13]} 34. Nf4 {[%emt 0:00:34]} Bxf4 {[%emt 0:00:22]} 35. exf4 {[%emt 0:00:21]} Qc7 {[%emt 0:00:22]} 36. Ra1 {[%emt 0:01:07]} Qxf4 {[%emt 0:00:25]} 37. Rc2 {[%emt 0:00:29]} Qe5 {[%emt 0:00:30]} 38. Rac1 {[%emt 0:00:23]} Qxa5 {[%emt 0:00:26]} 39. Qg6 {[%emt 0:00:31]} Bd7 {[%emt 0:01:03]} 40. Rc3 {[%emt 0:00:21]} Rf6 {[%emt 0:00:30]} 41. Qg3 {[%emt 0:00:27]} Bc6 {[%emt 0:00:38]} 42. Qd6 {[%emt 0:00:30]} e5 {[%emt 0:00:30]} 43. Qd2 {[%emt 0:00:28]} f4 {[%emt 0:00:30]} 44. Bd3 {[%emt 0:00:32]} e4 {[%emt 0:00:28]} 45. Bb1 {[%emt 0:00:21]} Qg5 {[%emt 0:00:46]} 46. Rc5 {[%emt 0:00:22]} Rf5 {[%emt 0:00:24]} 47. Rxf5 {[%emt 0:00:37]} Qxf5 {[%emt 0:00:21]} 48. b4 {[%emt 0:00:48]} f3 {[%emt 0:00:28]} 49. gxf3 {[%emt 0:00:31]} Qxf3 {[%emt 0:00:30]} 50. Rc3 {[%emt 0:00:26]} Qf6 {[%emt 0:00:24]} 51. Rg3 {[%emt 0:00:22]} Qa1 {[%emt 0:00:28]} 52. Qc2 {[%emt 0:00:31]} Rd8 {[%emt 0:00:50]} 53. h4 {[%emt 0:00:22]} Qf6 {[%emt 0:00:41]} 54. Qe2 {[%emt 0:00:38]} Qxh4 {[%emt 0:00:30]} 55. Rg4 {[%emt 0:00:22]} Qh5 {[%emt 0:00:50]} 56. Bxe4 {[%emt 0:00:27]} Bxe4 {[%emt 0:00:50]} 57. Qxe4 {[%emt 0:00:21]} Rd1+ {[%emt 0:00:21]} 58. Kg2 {[%emt 0:00:25]} Qh1+ {[%emt 0:00:22]} 59. Kg3 {[%emt 0:00:21]} Rg1+ {[%emt 0:00:22]} 0-1

[Event "EWIRCC 2019"]
[Site "Monte-Carlo"]
[Date "2019.12.01"]
[Round "7.16"]
[White "Antova, Gabriela"]
[Black "Guichard, Pauline"]
[Result "0-1"]
[WhiteElo "2314"]
[BlackElo "2407"]
[Annotator "NA"]
[PlyCount "80"]
[EventDate "2019.11.28"]
[EventType "swiss"]
[EventCountry "MNC"]
[SourceTitle "playchess.com"]
[Source "ChessBase"]
[SourceQuality "1"]
[TimeControl "5400+30"]

1. d4 {[%emt 1:15:12]} Nf6 {[%emt 1:15:11]} 2. c4 {[%emt 0:00:23]} e6 {[%emt 0:00:22]} 3. Nf3 {[%emt 0:00:22]} d5 {[%emt 0:00:22]} 4. Nc3 {[%emt 0:00:24]} dxc4 {[%emt 0:00:22]} 5. e4 {[%emt 0:00:31]} Bb4 {[%emt 0:00:23]} 6. Bg5 {[%emt 0:00:29]} c5 {[%emt 0:01:17]} 7. e5 {[%emt 0:01:30]} cxd4 {[%emt 0:03:30]} 8. Nxd4 {[%emt 0:00:28]} Bxc3+ {[%emt 0:00:46]} 9. bxc3 {[%emt 0:00:23]} Qa5 {[%emt 0:00:22]} 10. exf6 {[%emt 0:00:39]} Qxg5 {[%emt 0:00:24]} 11. fxg7 {[%emt 0:00:24]} Qxg7 {[%emt 0:00:23]} 12. Qd2 {[%emt 0:01:33]} O-O {[%emt 0:01:24]} 13. Bxc4 {[%emt 0:00:30]} e5 {[%emt 0:01:27]} 14. Ne2 {[%emt 0:02:21]} Nc6 {[%emt 0:02:53]} 15. O-O {[%emt 0:01:10]} Bf5 {[%emt 0:00:39]} 16. Ng3 {[%emt 0:03:27]} Bg6 {[%emt 0:00:22]} 17. h4 {[%emt 0:01:53]} h6 {[%emt 0:02:42]} 18. Qe3 {[%emt 0:00:53]} Kh8 {[%emt 0:00:59]} 19. h5 {[%emt 0:01:07]} Bh7 {[%emt 0:00:24]} 20. Rae1 {[%emt 0:01:26]} Rae8 {[%emt 0:01:13]} 21. Bd5 {[%emt 0:00:51]} f5 {[%emt 0:01:15]} 22. f4 {[%emt 0:00:43]} e4 {[%emt 0:00:38]} 23. Rd1 {[%emt 0:01:11]} Bg8 {[%emt 0:01:34]} 24. Rf2 {[%emt 0:00:33]} Qg4 {[%emt 0:01:28]} 25. Rdd2 {[%emt 0:02:15]} Bxd5 {[%emt 0:00:43]} 26. Rxd5 {[%emt 0:00:21]} Rd8 {[%emt 0:00:21]} 27. Rfd2 {[%emt 0:01:14]} Rxd5 {[%emt 0:01:00]} 28. Rxd5 {[%emt 0:00:21]} Rg8 {[%emt 0:00:21]} 29. Kf2 {[%emt 0:00:20]} Ne7 {[%emt 0:00:33]} 30. Rd6 {[%emt 0:00:21]} Kh7 {[%emt 0:00:47]} 31. c4 {[%emt 0:00:25]} Rg7 {[%emt 0:00:23]} 32. Rd7 {[%emt 0:00:41]} b6 {[%emt 0:01:09]} 33. Rxa7 {[%emt 0:00:41]} Qh4 {[%emt 0:00:21]} 34. Ra3 {[%emt 0:01:31]} Ng8 {[%emt 0:00:33]} 35. Kg1 {[%emt 0:00:33]} Qg4 {[%emt 0:00:32]} 36. Rb3 {[%emt 0:00:34]} Nf6 {[%emt 0:00:22]} 37. Rxb6 {[%emt 0:00:27]} Nxh5 {[%emt 0:00:23]} 38. c5 {[%emt 0:00:40]} Nxg3 {[%emt 0:00:26]} 39. Qf2 {[%emt 0:00:27]} Qd1+ {[%emt 0:00:25]} 40. Kh2 {[%emt 0:00:21]} Qh1# {[%emt 0:00:21]} 0-1

[Event "EWIRCC 2019"]
[Site "Monte-Carlo"]
[Date "2019.12.01"]
[Round "7.18"]
[White "Reizniece-Ozola, Dana"]
[Black "Unuk, Laura"]
[Result "0-1"]
[WhiteElo "2305"]
[BlackElo "2298"]
[Annotator "NA"]
[PlyCount "70"]
[EventDate "2019.11.28"]
[EventType "swiss"]
[EventCountry "MNC"]
[SourceTitle "playchess.com"]
[Source "ChessBase"]
[SourceQuality "1"]
[TimeControl "5400+30"]

1. c4 {[%emt 1:15:11]} Nf6 {[%emt 1:15:13]} 2. Nc3 {[%emt 0:00:21]} e6 {[%emt 0:00:21]} 3. e4 {[%emt 0:00:22]} d5 {[%emt 0:00:22]} 4. e5 {[%emt 0:00:22]} d4 {[%emt 0:00:37]} 5. exf6 {[%emt 0:00:22]} dxc3 {[%emt 0:00:22]} 6. bxc3 {[%emt 0:00:21]} Qxf6 {[%emt 0:00:22]} 7. Nf3 {[%emt 0:00:25]} e5 {[%emt 0:00:22]} 8. Be2 {[%emt 0:00:38]} Nc6 {[%emt 0:01:04]} 9. d3 {[%emt 0:00:33]} h6 {[%emt 0:00:40]} 10. Rb1 {[%emt 0:00:31]} e4 {[%emt 0:01:03]} 11. dxe4 {[%emt 0:00:28]} Qxc3+ {[%emt 0:00:22]} 12. Bd2 {[%emt 0:00:23]} Qf6 {[%emt 0:00:32]} 13. O-O {[%emt 0:00:45]} Bc5 {[%emt 0:00:22]} 14. Ne1 {[%emt 0:04:03]} O-O {[%emt 0:01:27]} 15. Nd3 {[%emt 0:00:23]} Bd4 {[%emt 0:00:33]} 16. Nf4 {[%emt 0:00:24]} b6 {[%emt 0:01:52]} 17. Nd5 {[%emt 0:00:34]} Qd6 {[%emt 0:00:23]} 18. Kh1 {[%emt 0:00:56]} f5 {[%emt 0:00:51]} 19. exf5 {[%emt 0:01:22]} Bxf5 {[%emt 0:00:27]} 20. Rb3 {[%emt 0:00:58]} Rad8 {[%emt 0:01:20]} 21. Bc1 {[%emt 0:01:25]} Be4 {[%emt 0:03:27]} 22. f3 {[%emt 0:00:59]} Bg6 {[%emt 0:01:07]} 23. Ba3 {[%emt 0:01:40]} Bc5 {[%emt 0:00:45]} 24. Bb2 {[%emt 0:00:22]} Na5 {[%emt 0:02:08]} 25. Qa1 {[%emt 0:03:56]} Nxb3 {[%emt 0:00:43]} 26. axb3 {[%emt 0:00:21]} Rf7 {[%emt 0:01:25]} 27. Rd1 {[%emt 0:01:03]} Qf8 {[%emt 0:00:30]} 28. Be5 {[%emt 0:01:57]} c6 {[%emt 0:00:57]} 29. Nc3 {[%emt 0:00:53]} Rxd1+ {[%emt 0:00:49]} 30. Qxd1 {[%emt 0:00:22]} Qe8 {[%emt 0:00:24]} 31. f4 {[%emt 0:00:23]} Rd7 {[%emt 0:00:33]} 32. Qa1 {[%emt 0:00:22]} Bd4 {[%emt 0:00:43]} 33. Bg4 {[%emt 0:00:56]} Rd8 {[%emt 0:01:01]} 34. Bxd4 {[%emt 0:00:51]} Rxd4 {[%emt 0:00:21]} 35. Nd5 {[%emt 0:00:36]} Re4 {[%emt 0:00:52]} 0-1

[Event "EWIRCC 2019"]
[Site "Monte-Carlo"]
[Date "2019.12.01"]
[Round "7.19"]
[White "Belenkaya, Dina"]
[Black "Benmesbah, Natacha"]
[Result "1-0"]
[WhiteElo "2302"]
[BlackElo "2265"]
[Annotator "NA"]
[PlyCount "139"]
[EventDate "2019.11.28"]
[EventType "swiss"]
[EventCountry "MNC"]
[SourceTitle "playchess.com"]
[Source "ChessBase"]
[SourceQuality "1"]
[TimeControl "5400+30"]

1. e4 {[%emt 1:15:13]} c5 {[%emt 1:15:10]} 2. Nc3 {[%emt 0:00:22]} Nc6 {[%emt 0:00:21]} 3. Nge2 {[%emt 0:00:24]} g6 {[%emt 0:00:22]} 4. d4 {[%emt 0:00:28]} cxd4 {[%emt 0:00:21]} 5. Nxd4 {[%emt 0:00:21]} Bg7 {[%emt 0:00:21]} 6. Nf3 {[%emt 0:00:26]} d6 {[%emt 0:00:35]} 7. Bc4 {[%emt 0:00:25]} Nf6 {[%emt 0:00:22]} 8. h3 {[%emt 0:00:22]} O-O {[%emt 0:00:24]} 9. O-O {[%emt 0:00:24]} Bd7 {[%emt 0:01:51]} 10. Re1 {[%emt 0:00:38]} Rc8 {[%emt 0:00:21]} 11. Bb3 {[%emt 0:00:37]} Na5 {[%emt 0:01:28]} 12. Nd5 {[%emt 0:01:21]} Nxb3 {[%emt 0:00:41]} 13. axb3 {[%emt 0:00:33]} a6 {[%emt 0:00:52]} 14. c3 {[%emt 0:00:30]} e6 {[%emt 0:01:13]} 15. Nxf6+ {[%emt 0:00:49]} Bxf6 {[%emt 0:00:41]} 16. Qxd6 {[%emt 0:00:56]} Bc6 {[%emt 0:00:25]} 17. Qb4 {[%emt 0:04:55]} Qd3 {[%emt 0:02:17]} 18. e5 {[%emt 0:02:50]} Bg7 {[%emt 0:00:22]} 19. Nd4 {[%emt 0:00:45]} Bd5 {[%emt 0:02:33]} 20. Bg5 {[%emt 0:01:08]} h6 {[%emt 0:02:13]} 21. Rad1 {[%emt 0:00:50]} Qxd1 {[%emt 0:01:52]} 22. Rxd1 {[%emt 0:00:21]} hxg5 {[%emt 0:00:21]} 23. c4 {[%emt 0:01:16]} Be4 {[%emt 0:00:56]} 24. f3 {[%emt 0:00:48]} Bc6 {[%emt 0:01:46]} 25. Nxc6 {[%emt 0:00:23]} bxc6 {[%emt 0:00:21]} 26. Qc5 {[%emt 0:00:34]} Rfd8 {[%emt 0:00:43]} 27. Rd6 {[%emt 0:01:06]} Kh7 {[%emt 0:00:55]} 28. Kf1 {[%emt 0:01:29]} Rb8 {[%emt 0:01:15]} 29. Rxd8 {[%emt 0:00:45]} Rxd8 {[%emt 0:00:21]} 30. Ke2 {[%emt 0:00:34]} Rb8 {[%emt 0:00:21]} 31. b4 {[%emt 0:01:24]} Bf8 {[%emt 0:00:51]} 32. Qa7 {[%emt 0:00:50]} Rxb4 {[%emt 0:00:22]} 33. Qxf7+ {[%emt 0:00:23]} Bg7 {[%emt 0:00:21]} 34. Qxe6 {[%emt 0:00:44]} Rxb2+ {[%emt 0:00:24]} 35. Kd3 {[%emt 0:00:24]} a5 {[%emt 0:00:48]} 36. Qxc6 {[%emt 0:01:12]} Bxe5 {[%emt 0:00:29]} 37. Qd5 {[%emt 0:00:43]} Bf6 {[%emt 0:00:45]} 38. Qf7+ {[%emt 0:00:50]} Bg7 {[%emt 0:00:21]} 39. c5 {[%emt 0:00:23]} a4 {[%emt 0:00:29]} 40. Qa7 {[%emt 0:00:39]} Rb3+ {[%emt 0:00:27]} 41. Kc4 {[%emt 0:00:31]} Rc3+ {[%emt 0:00:23]} 42. Kd5 {[%emt 0:00:28]} a3 {[%emt 0:00:30]} 43. c6 {[%emt 0:00:22]} Rd3+ {[%emt 0:00:28]} 44. Ke6 {[%emt 0:00:23]} Rc3 {[%emt 0:00:35]} 45. Kd7 {[%emt 0:00:21]} Rd3+ {[%emt 0:00:29]} 46. Kc8 {[%emt 0:00:23]} Rc3 {[%emt 0:00:33]} 47. Kd7 {[%emt 0:00:54]} Rd3+ {[%emt 0:00:24]} 48. Ke6 {[%emt 0:00:23]} Rc3 {[%emt 0:00:25]} 49. Kd5 {[%emt 0:00:24]} Kh6 {[%emt 0:00:49]} 50. Qa8 {[%emt 0:00:51]} Kh7 {[%emt 0:03:23]} 51. Kd6 {[%emt 0:00:29]} Rc2 {[%emt 0:00:00]} 52. c7 {[%emt 0:00:49]} a2 {[%emt 0:00:00]} 53. c8=Q {[%emt 0:00:37]} Rxc8 {[%emt 0:00:00]} 54. Qxa2 {[%emt 0:00:22]} Rb8 {[%emt 0:00:00]} 55. Ke6 {[%emt 0:00:31]} Rb2 {[%emt 0:00:00]} 56. Qa8 {[%emt 0:00:23]} Rb6+ {[%emt 0:00:00]} 57. Ke7 {[%emt 0:00:24]} Kh6 {[%emt 0:00:44]} 58. Kf7 {[%emt 0:00:28]} Rf6+ {[%emt 0:00:21]} 59. Kg8 {[%emt 0:00:26]} Rf4 {[%emt 0:00:32]} 60. Qe8 {[%emt 0:00:21]} Rb4 {[%emt 0:01:21]} 61. Qc8 {[%emt 0:00:25]} Rf4 {[%emt 0:00:29]} 62. Qd8 {[%emt 0:00:30]} Rf5 {[%emt 0:01:03]} 63. Qe7 {[%emt 0:00:28]} Rf8+ {[%emt 0:00:33]} 64. Qxf8 {[%emt 0:00:22]} Bxf8 {[%emt 0:00:21]} 65. Kxf8 {[%emt 0:00:22]} Kh7 {[%emt 0:00:51]} 66. Kf7 {[%emt 0:00:21]} Kh6 {[%emt 0:00:21]} 67. Kg8 {[%emt 0:00:23]} Kh5 {[%emt 0:00:47]} 68. Kg7 {[%emt 0:00:29]} g4 {[%emt 0:00:55]} 69. hxg4+ {[%emt 0:00:27]} Kg5 {[%emt 0:00:21]} 70. Kf7 {[%emt 0:00:28]} 1-0

[Event "EWIRCC 2019"]
[Site "Monte-Carlo"]
[Date "2019.12.01"]
[Round "7.20"]
[White "Babiy, Olga"]
[Black "Zvereva, Marija"]
[Result "1-0"]
[WhiteElo "2249"]
[BlackElo "2154"]
[Annotator "NA"]
[PlyCount "28"]
[EventDate "2019.11.28"]
[EventType "swiss"]
[EventCountry "MNC"]
[SourceTitle "playchess.com"]
[Source "ChessBase"]
[SourceQuality "1"]
[TimeControl "5400+30"]

1. e4 {[%emt 1:15:12]} c5 {[%emt 1:16:08]} 2. Nc3 {[%emt 0:00:30]} Nc6 {[%emt 0:00:24]} 3. Nge2 {[%emt 0:00:23]} e5 {[%emt 0:01:10]} 4. Nd5 {[%emt 0:00:27]} Nf6 {[%emt 0:00:41]} 5. Nec3 {[%emt 0:00:22]} d6 {[%emt 0:01:48]} 6. Bc4 {[%emt 0:00:30]} Be7 {[%emt 0:00:55]} 7. d3 {[%emt 0:00:26]} h6 {[%emt 0:00:49]} 8. O-O {[%emt 0:00:24]} O-O {[%emt 0:00:31]} 9. a4 {[%emt 0:00:51]} Nd4 {[%emt 0:00:51]} 10. f4 {[%emt 0:00:28]} exf4 {[%emt 0:03:28]} 11. Bxf4 {[%emt 0:00:26]} Ng4 {[%emt 0:00:36]} 12. Nxe7+ {[%emt 0:03:59]} Qxe7 {[%emt 0:00:23]} 13. Nd5 {[%emt 0:00:22]} Qd8 {[%emt 0:00:47]} 14. c3 {[%emt 0:00:21]} Nc6 {[%emt 0:00:38]} 1-0

[Event "EWIRCC 2019"]
[Site "Monte-Carlo"]
[Date "2019.12.01"]
[Round "8.1"]
[White "Girya, Olga"]
[Black "Batsiashvili, Nino"]
[Result "1-0"]
[WhiteElo "2476"]
[BlackElo "2422"]
[Annotator "ChessBase"]
[PlyCount "115"]
[EventDate "2019.11.28"]
[EventType "swiss"]
[EventCountry "MNC"]
[SourceTitle "playchess.com"]
[Source "ChessBase"]
[SourceQuality "1"]
[TimeControl "5400+30"]

1. d4 {[%emt 1:15:11]} Nf6 {[%emt 1:15:11]} 2. c4 {[%emt 0:00:21]} e6 {[%emt 0:00:21]} 3. Nf3 {[%emt 0:00:23]} b6 {[%emt 0:00:21]} 4. g3 {[%emt 0:00:21]} Bb7 {[%emt 0:00:21]} 5. Bg2 {[%emt 0:00:22]} Be7 {[%emt 0:00:23]} 6. O-O {[%emt 0:00:23]} O-O {[%emt 0:00:22]} 7. Nc3 {[%emt 0:00:23]} Ne4 {[%emt 0:00:21]} 8. Bd2 {[%emt 0:00:22]} d6 {[%emt 0:00:21]} 9. Qc2 {[%emt 0:00:21]} Nxd2 {[%emt 0:00:23]} 10. Nxd2 {[%emt 0:00:22]} Nc6 {[%emt 0:00:37]} 11. e3 {[%emt 0:01:45]} Qc8 {[%emt 0:00:48]} 12. a3 {[%emt 0:00:43]} a5 {[%emt 0:00:32]} 13. f4 {[%emt 0:01:02]} f5 {[%emt 0:00:38]} 14. d5 {[%emt 0:00:47]} Nd8 {[%emt 0:00:39]} 15. e4 {[%emt 0:00:48]} Bf6 {[%emt 0:00:45]} 16. Kh1 {[%emt 0:02:31]} c6 {[%emt 0:00:39]} 17. dxe6 {[%emt 0:01:26]} Nxe6 {[%emt 0:00:29]} 18. exf5 {[%emt 0:00:23]} Nd4 {[%emt 0:00:21]} 19. Qd3 {[%emt 0:00:21]} Nxf5 {[%emt 0:00:33]} 20. Nde4 {[%emt 0:00:55]} Be7 {[%emt 0:01:53]} 21. Rfe1 {[%emt 0:00:21]} Qd7 {[%emt 0:00:32]} 22. Rad1 {[%emt 0:01:34]} Rad8 {[%emt 0:00:32]} 23. Na4 {[%emt 0:01:09]} d5 {[%emt 0:02:49]} 24. cxd5 {[%emt 0:01:02]} cxd5 {[%emt 0:00:22]} 25. Nxb6 {[%emt 0:01:22]} Qc7 {[%emt 0:02:15]} 26. Qb3 {[%emt 0:00:57]} a4 {[%emt 0:00:47]} 27. Nxa4 {[%emt 0:00:28]} Kh8 {[%emt 0:00:29]} 28. Rc1 {[%emt 0:04:16]} Qb8 {[%emt 0:02:26]} 29. Nec5 {[%emt 0:00:32]} Bc6 {[%emt 0:00:24]} 30. Qxb8 {[%emt 0:00:29]} Rxb8 {[%emt 0:00:21]} 31. g4 {[%emt 0:01:57]} Bxc5 {[%emt 0:00:27]} 32. Nxc5 {[%emt 0:00:34]} Nh4 {[%emt 0:00:30]} 33. Ne6 {[%emt 0:00:35]} Rfc8 {[%emt 0:02:55]} 34. Nd4 {[%emt 0:00:29]} Bb7 {[%emt 0:00:52]} 35. f5 {[%emt 0:00:53]} h6 {[%emt 0:00:37]} 36. Kg1 {[%emt 0:00:42]} Rc4 {[%emt 0:01:33]} 37. Rcd1 {[%emt 0:01:20]} Rf8 {[%emt 0:02:45]} 38. b3 {[%emt 0:00:35]} Rc3 {[%emt 0:00:32]} 39. Rc1 {[%emt 0:00:36]} Rd3 {[%emt 0:00:36]} 40. Red1 {[%emt 0:00:21]} Re3 {[%emt 0:00:50]} 41. Kf2 {[%emt 0:00:26]} Rfe8 {[%emt 0:00:44]} 42. Rc7 {[%emt 0:00:41]} Nxg2 {[%emt 0:00:54]} 43. Kxg2 {[%emt 0:00:23]} Ba6 {[%emt 0:00:20]} 44. Kf2 {[%emt 0:00:42]} Rh3 {[%emt 0:00:43]} 45. Ne6 {[%emt 0:00:34]} Rxh2+ {[%emt 0:00:44]} 46. Kg3 {[%emt 0:00:22]} Rb2 {[%emt 0:00:27]} 47. Rxd5 {[%emt 0:00:42]} Rxb3+ {[%emt 0:01:06]} 48. Kf4 {[%emt 0:00:21]} Rxa3 {[%emt 0:00:00]} 49. Rdd7 {[%emt 0:00:23]} Ra4+ {[%emt 0:00:20]} 50. Kg3 {[%emt 0:00:26]} Ra3+ {[%emt 0:00:23]} 51. Kf2 {[%emt 0:00:30]} Ra2+ {[%emt 0:00:28]} 52. Kg3 {[%emt 0:00:43]} Ra3+ {[%emt 0:00:20]} 53. Kh4 {[%emt 0:00:32]} Bc8 {[%emt 0:01:07]} 54. Rxg7 {[%emt 0:00:36]} Bxe6 {[%emt 0:00:21]} 55. Rh7+ {[%emt 0:00:23]} Kg8 {[%emt 0:00:21]} 56. Rcg7+ {[%emt 0:00:28]} Kf8 {[%emt 0:00:20]} 57. f6 {[%emt 0:00:29]} Bg8 {[%emt 0:00:59]} 58. Rh8 {[%emt 0:00:25]} 1-0

[Event "EWIRCC 2019"]
[Site "Monte-Carlo"]
[Date "2019.12.01"]
[Round "8.2"]
[White "Rogule, Laura"]
[Black "Osmak, Iulija"]
[Result "1-0"]
[WhiteElo "2293"]
[BlackElo "2401"]
[Annotator "NA"]
[PlyCount "105"]
[EventDate "2019.11.28"]
[EventType "swiss"]
[EventCountry "MNC"]
[SourceTitle "playchess.com"]
[Source "ChessBase"]
[SourceQuality "1"]
[TimeControl "5400+30"]

1. c4 {[%emt 1:15:12]} e6 {[%emt 1:15:14]} 2. Nf3 {[%emt 0:00:28]} Nf6 {[%emt 0:00:23]} 3. g3 {[%emt 0:00:33]} d5 {[%emt 0:00:25]} 4. d4 {[%emt 0:00:23]} c6 {[%emt 0:00:31]} 5. Bg2 {[%emt 0:01:14]} Be7 {[%emt 0:00:21]} 6. O-O {[%emt 0:00:30]} O-O {[%emt 0:00:22]} 7. Qc2 {[%emt 0:00:52]} b6 {[%emt 0:00:21]} 8. cxd5 {[%emt 0:01:12]} cxd5 {[%emt 0:00:24]} 9. Bf4 {[%emt 0:02:39]} Nbd7 {[%emt 0:01:08]} 10. Rc1 {[%emt 0:02:49]} Ba6 {[%emt 0:00:56]} 11. Nc3 {[%emt 0:00:27]} b5 {[%emt 0:00:55]} 12. a4 {[%emt 0:02:09]} Qb6 {[%emt 0:01:22]} 13. axb5 {[%emt 0:01:25]} Bxb5 {[%emt 0:00:22]} 14. Nxb5 {[%emt 0:00:39]} Qxb5 {[%emt 0:00:22]} 15. Ne5 {[%emt 0:03:21]} Nxe5 {[%emt 0:01:16]} 16. Bxe5 {[%emt 0:01:02]} a5 {[%emt 0:01:38]} 17. e3 {[%emt 0:00:29]} Qd7 {[%emt 0:04:57]} 18. Qa4 {[%emt 0:00:57]} Qxa4 {[%emt 0:00:58]} 19. Rxa4 {[%emt 0:00:21]} Bb4 {[%emt 0:00:46]} 20. Raa1 {[%emt 0:01:12]} Nd7 {[%emt 0:00:36]} 21. Bf4 {[%emt 0:00:34]} Rfc8 {[%emt 0:01:01]} 22. Bf1 {[%emt 0:00:27]} Bd2 {[%emt 0:01:00]} 23. Rxc8+ {[%emt 0:02:35]} Rxc8 24. Bd3 {[%emt 0:00:00]} f6 {[%emt 0:01:04]} 25. Kf1 {[%emt 0:00:00]} Bb4 {[%emt 0:00:26]} 26. g4 {[%emt 0:00:23]} h6 {[%emt 0:00:50]} 27. Ke2 {[%emt 0:00:34]} Kf7 {[%emt 0:00:24]} 28. f3 {[%emt 0:00:40]} Nb6 {[%emt 0:00:44]} 29. e4 {[%emt 0:00:33]} Ke7 {[%emt 0:00:39]} 30. h4 {[%emt 0:00:36]} Rc6 {[%emt 0:04:31]} 31. e5 {[%emt 0:00:43]} fxe5 {[%emt 0:00:59]} 32. Bxe5 {[%emt 0:00:22]} Kf7 {[%emt 0:00:26]} 33. Bf4 {[%emt 0:00:45]} Rc8 {[%emt 0:00:40]} 34. g5 {[%emt 0:00:30]} hxg5 {[%emt 0:00:25]} 35. hxg5 {[%emt 0:00:28]} Nd7 {[%emt 0:00:49]} 36. g6+ {[%emt 0:00:33]} Ke7 {[%emt 0:00:24]} 37. Rh1 {[%emt 0:00:29]} Nf6 {[%emt 0:00:30]} 38. Bg5 {[%emt 0:00:11]} Bd6 {[%emt 0:00:30]} 39. Rh7 {[%emt 0:00:29]} Rg8 {[%emt 0:00:22]} 40. Ke3 {[%emt 0:00:48]} Bc7 {[%emt 0:00:28]} 41. f4 {[%emt 0:00:33]} Bd8 {[%emt 0:00:25]} 42. Rh1 {[%emt 0:00:31]} Kd6 {[%emt 0:00:23]} 43. Rc1 {[%emt 0:00:26]} Nd7 {[%emt 0:00:51]} 44. Bb5 {[%emt 0:00:28]} Bxg5 {[%emt 0:00:29]} 45. fxg5 {[%emt 0:00:29]} Rb8 {[%emt 0:00:30]} 46. Ba4 {[%emt 0:00:43]} Rb4 {[%emt 0:00:41]} 47. b3 {[%emt 0:00:28]} Rb6 {[%emt 0:00:30]} 48. Rc8 {[%emt 0:00:23]} Rb7 {[%emt 0:00:23]} 49. Rd8 {[%emt 0:00:32]} Ke7 {[%emt 0:00:23]} 50. Rg8 {[%emt 0:00:22]} Kd6 {[%emt 0:00:42]} 51. Rxg7 {[%emt 0:00:23]} Rc7 {[%emt 0:00:31]} 52. Rxd7+ {[%emt 0:00:24]} Rxd7 {[%emt 0:00:22]} 53. Bxd7 {[%emt 0:00:22]} 1-0